| 000 | 00714nam a22001577a 4500 | ||
|---|---|---|---|
| 003 | OSt | ||
| 005 | 20151116092800.0 | ||
| 008 | 151116b xxu||||| |||| 00| 0 eng d | ||
| 040 | _cRUA | ||
| 082 | _aFOR UNG 2008 B136 Or.1 | ||
| 100 |
_93699 _aUNG, RATNAKOUDOM. |
||
| 245 | _astudy on status and threats on otther in virachey national park taveng district ratanakiri proviince (សិក្សាពីស្ថានភាពនិង ការគំរាមកំហែងសត្វភេនៅឧទ្យានជាតិវីរះជ័យ ស្រុកតាវែង ខេត្តរតនៈគីរី) | ||
| 260 |
_aPhnom Penh _bRUA _c2008 |
||
| 300 |
_axi, 50p. _bill. _c29cm. |
||
| 942 |
_2ddc _cFOR |
||
| 999 |
_c3445 _d3445 |
||